[Event "3rd Kolkata GM Open 2018"]
[Site "Kolkata IND"]
[Date "2018.05.19"]
[Round "6.16"]
[White "Sangma, Rahul"]
[Black "Vignesh, N R"]
[Result "1-0"]
[WhiteTitle "IM"]
[BlackTitle "IM"]
[WhiteElo "2295"]
[BlackElo "2485"]
[WhiteFideId "5013615"]
[BlackFideId "25012215"]
[EventDate "2018.05.14"]

1. Nf3 d5 2. c4 e6 3. e3 Nf6 4. b3 c5 5. Bb2 Nc6 6. g3 d4 7. exd4 cxd4 8. Bg2 e5
9. O-O Bd6 10. d3 O-O 11. Na3 h6 12. Re1 Re8 13. Nc2 a5 14. Nd2 Bg4 15. f3 Be6
16. a3 Nd7 17. Ne4 Bf8 18. Rb1 f5 19. Nf2 Qb6 20. Bc1 Nc5 21. Bd2 Nxb3 22. a4
Ra6 23. Na1 Nxd2 24. Rxb6 Rxb6 25. Qxd2 Bb4 26. Qb2 Bc5 27. Qc2 Nb4 28. Qe2 Nc6
29. Qc2 Nb4 30. Qd1 Bd7 31. Re2 Na6 32. f4 exf4 33. Rxe8+ Bxe8 34. Bd5+ Kf8 35.
Nh3 fxg3 36. hxg3 Bd6 37. Qf1 Bxg3 38. Qxf5+ Rf6 39. Qh7 Be5 40. Qe4 Bd6 41. Nb3
Bxa4 42. Nxd4 Bd7 43. Qh7 Be5 44. Nf3 Bc3 45. Qg8+ Ke7 46. Qxg7+ Kd6 47. d4 1-0

[Event "3rd Kolkata GM Open 2018"]
[Site "Kolkata IND"]
[Date "2018.05.19"]
[Round "6.17"]
[White "Kunal, M."]
[Black "Nguyen, Van Huy"]
[Result "0-1"]
[BlackTitle "IM"]
[WhiteElo "2295"]
[BlackElo "2462"]
[WhiteFideId "5018250"]
[BlackFideId "12401064"]
[EventDate "2018.05.14"]

1. e4 c6 2. d4 d5 3. e5 Bf5 4. Nd2 e6 5. Nb3 Nd7 6. Nf3 Ne7 7. Be2 Nc8 8. O-O
Be7 9. Ne1 Ncb6 10. Nd3 Qc7 11. a4 Nc4 12. g4 Bxd3 13. cxd3 Na5 14. Be3 Nxb3 15.
Qxb3 Qb6 16. Qc3 a5 17. f4 O-O 18. Rf3 Bb4 19. Qc1 c5 20. dxc5 Bxc5 21. Qd2
Bxe3+ 22. Qxe3 Qxb2 23. Rff1 d4 24. Qf3 Rac8 25. Rab1 Qc3 26. Rxb7 Nc5 27. Rb5
Nxa4 28. f5 Qd2 29. f6 g6 30. Rxa5 Nc3 31. Bd1 Nxd1 32. Rxd1 Qxa5 33. Qf4 Kh8 0-1

[Event "3rd Kolkata GM Open 2018"]
[Site "Kolkata IND"]
[Date "2018.05.19"]
[Round "6.18"]
[White "Sahoo, Utkal Ranjan"]
[Black "Khusenkhojaev, Muhammad"]
[Result "1-0"]
[BlackTitle "IM"]
[WhiteElo "2281"]
[BlackElo "2456"]
[WhiteFideId "5034566"]
[BlackFideId "14700247"]
[EventDate "2018.05.14"]

1. d4 Nf6 2. c4 b6 3. Nc3 Bb7 4. Nf3 g6 5. Qc2 d5 6. cxd5 Nxd5 7. e4 Nxc3 8.
bxc3 Bg7 9. Be3 O-O 10. Rd1 Nd7 11. e5 e6 12. h4 c5 13. h5 Qc7 14. Qd2 cxd4 15.
cxd4 Rfc8 16. Bb5 Nb8 17. hxg6 hxg6 18. Bh6 Bh8 19. Bg5 Bxf3 20. Rxh8+ Kxh8 21.
Bf6+ Kh7 22. gxf3 Qc2 23. Ke2 1-0

[Event "3rd Kolkata GM Open 2018"]
[Site "Kolkata IND"]
[Date "2018.05.19"]
[Round "6.19"]
[White "Sundararajan, Kidambi"]
[Black "Nandhidhaa, PV"]
[Result "1-0"]
[WhiteTitle "GM"]
[BlackTitle "WIM"]
[WhiteElo "2434"]
[BlackElo "2271"]
[WhiteFideId "5005370"]
[BlackFideId "5050847"]
[EventDate "2018.05.14"]

1. Nf3 Nf6 2. g3 d5 3. Bg2 c6 4. O-O Bf5 5. d3 h6 6. c4 e6 7. cxd5 exd5 8. Nc3
Be7 9. Nd4 Bh7 10. e4 O-O 11. Re1 Na6 12. a3 Nc7 13. Bf4 c5 14. Bxc7 Qxc7 15.
Ndb5 Qd7 16. e5 d4 17. exf6 Bxf6 18. Nd5 Qxb5 19. Nxf6+ gxf6 20. Qg4+ Bg6 21.
Be4 h5 22. Qf3 Kg7 23. Bxg6 fxg6 24. Re7+ Rf7 25. Rxf7+ Kxf7 26. Qd5+ Kg7 27.
Re1 Re8 28. Rxe8 Qxe8 29. Qxc5 Qa4 30. Kg2 Qd7 31. h3 b6 32. Qc4 g5 33. b4 b5
34. Qc5 Kg6 35. Kh2 Kg7 36. Kg2 Kg6 37. Kh2 Kg7 38. h4 gxh4 39. Qxh5 hxg3+ 40.
Kxg3 Qd6+ 41. Kh3 Qe6+ 42. Qg4+ Kf7 43. Qxe6+ Kxe6 44. Kg3 Ke5 45. Kg4 a6 46.
Kg3 f5 47. Kf3 Ke6 48. Kf4 Kf6 49. f3 Kg6 50. Ke5 Kg5 51. Kxd4 Kf4 52. Kc5 Kxf3
53. d4 Ke4 54. d5 f4 55. d6 f3 56. d7 f2 57. d8=Q f1=Q 58. Qd4+ Kf5 59. Qd5+ Kf6
60. Kb6 Qh3 61. Qd6+ Kf7 62. Kxa6 Qxa3+ 63. Kxb5 Ke8 64. Kb6 Qe3+ 65. Qc5 Qf4
66. Qc8+ 1-0

[Event "3rd Kolkata GM Open 2018"]
[Site "Kolkata IND"]
[Date "2018.05.19"]
[Round "6.20"]
[White "Nitin, S."]
[Black "Patil, Pratik"]
[Result "1-0"]
[WhiteTitle "IM"]
[WhiteElo "2432"]
[BlackElo "2259"]
[WhiteFideId "5018277"]
[BlackFideId "5038758"]
[EventDate "2018.05.14"]

1. e4 e5 2. Nf3 Nc6 3. Nc3 Nf6 4. Bb5 Bb4 5. O-O O-O 6. d3 d6 7. Bg5 Bxc3 8.
bxc3 Ne7 9. Nh4 Ne8 10. Bc4 Be6 11. Bb3 Bxb3 12. axb3 f6 13. Bd2 d5 14. exd5
Qxd5 15. c4 Qd4 16. Nf3 Qd7 17. b4 Nd6 18. Qe2 a6 19. c5 Ndf5 20. Qe4 c6 21.
Rfe1 Rad8 22. Rad1 Rfe8 23. Bc3 Qd5 24. Bb2 Qxe4 25. dxe4 Nh6 26. Nd2 Nf7 27.
Nc4 Nc8 28. g3 Kf8 29. Kg2 Rxd1 30. Rxd1 Re7 31. Kf3 Ke8 32. Ke3 Rd7 33. Rf1 Na7
34. f4 exf4+ 35. gxf4 Ke7 36. Rg1 g6 37. h4 Nb5 38. h5 g5 39. Rf1 Nc7 40. fxg5
fxg5 41. Nb6 Rd8 42. Bf6+ Ke8 43. Bxd8 Nxd8 44. Nc4 Nf7 45. Nd6+ Nxd6 46. cxd6
Ne6 47. Rf6 Kd7 48. e5 1-0

[Event "3rd Kolkata GM Open 2018"]
[Site "Kolkata IND"]
[Date "2018.05.19"]
[Round "6.21"]
[White "Mohota, Nisha"]
[Black "Rahul, Srivatshav P"]
[Result "0-1"]
[WhiteTitle "IM"]
[BlackTitle "IM"]
[WhiteElo "2269"]
[BlackElo "2402"]
[WhiteFideId "5004330"]
[BlackFideId "25059653"]
[EventDate "2018.05.14"]

1. e4 e5 2. Nf3 Nc6 3. Bc4 Bc5 4. O-O Nf6 5. d3 d6 6. c3 O-O 7. Nbd2 a5 8. Bb3
Be6 9. Bc2 Re8 10. h3 h6 11. Re1 Ba7 12. Nf1 d5 13. Qe2 d4 14. Ng3 b5 15. Rd1
Nd7 16. a4 dxc3 17. bxc3 b4 18. d4 exd4 19. cxd4 b3 20. Bb1 Nb4 21. d5 Bxd5 22.
Qb2 Be6 23. Nh5 f6 24. Bxh6 gxh6 25. Rxd7 Bxd7 26. Nxf6+ Kf7 27. Nh5 Rg8 28.
Ne5+ Ke7 29. Qxb3 Be6 30. Qf3 Qf8 31. Nf4 Qf6 32. Nfg6+ Rxg6 33. Nxg6+ Qxg6 34.
e5 Qg5 35. Qxa8 Bd5 0-1

[Event "3rd Kolkata GM Open 2018"]
[Site "Kolkata IND"]
[Date "2018.05.19"]
[Round "6.22"]
[White "Raghunandan, Kaumandur Srihari"]
[Black "Kushagra, Mohan"]
[Result "1-0"]
[WhiteTitle "IM"]
[BlackTitle "CM"]
[WhiteElo "2400"]
[BlackElo "2256"]
[WhiteFideId "25004964"]
[BlackFideId "25033638"]
[EventDate "2018.05.14"]

1. d4 Nf6 2. c4 g6 3. Nc3 Bg7 4. e4 d6 5. h3 O-O 6. Be3 c5 7. Nf3 cxd4 8. Nxd4
Nc6 9. Be2 Bd7 10. O-O Nxd4 11. Bxd4 Bc6 12. Qc2 a5 13. Rad1 Nd7 14. Bxg7 Kxg7
15. Bg4 Nf6 16. c5 Nxg4 17. hxg4 Qc8 18. cxd6 Qxg4 19. dxe7 Rfe8 20. Nd5 Bxd5
21. Rxd5 Rxe7 22. Qc3+ f6 23. f3 Qe6 24. Rfd1 Qb6+ 25. Kh1 Qb4 26. Qc2 Rae8 27.
a3 Qb6 28. Qc3 Qf2 29. Rxa5 h5 30. Rad5 h4 31. Rd6 Rf7 32. Rd7 Ree7 33. Rxe7
Rxe7 34. Qd2 Qg3 35. Qd6 Re5 36. Qd7+ Kh6 37. Qd8 h3 38. Qh8+ Kg5 39. Qxh3 Qxh3+
40. gxh3 Kf4 41. Rd6 Kxf3 42. Rxf6+ Kg3 43. Rxg6+ Kxh3 44. Rb6 Rxe4 45. Rb3+ Kg4
46. Rxb7 Kg3 47. Rb3+ Kf2 48. Rb4 Re5 49. Rf4+ Kg3 50. Rf1 Re2 51. Rg1+ Kf3 52.
Rb1 Ke4 53. b4 Kd5 54. b5 Re8 55. a4 Ra8 56. Rb4 Kc5 57. Rf4 Kb6 58. Kg2 Ka5 59.
Kf3 Re8 60. Re4 Rf8+ 61. Ke3 Rf6 62. Kd4 Rf5 63. Re5 Rf1 64. Kc5 Rc1+ 65. Kd6
Kb6 66. Kd5 Rd1+ 67. Kc4 Rc1+ 68. Kb4 Rb1+ 69. Kc4 Rc1+ 70. Kb3 Rb1+ 71. Ka2 Rh1
72. Re6+ Kc5 73. b6 Rh7 74. a5 Kb5 75. Re5+ Ka6 76. Kb3 Rh4 77. Rc5 Rg4 78. Kc3
Ra4 79. Rd5 Rh4 80. Rc5 Rg4 81. Rc8 Rg3+ 82. Kb4 Rg4+ 83. Kc5 Rg5+ 84. Kc6 Rg6+
85. Kc7 Rg7+ 86. Kb8 Kxa5 87. Rc6 Rg8+ 88. Ka7 Kb5 89. Rf6 Rg1 90. b7 Ra1+ 91.
Kb8 Rc1 92. Rf2 Kc6 93. Ra2 Rb1 94. Ka8 1-0

[Event "3rd Kolkata GM Open 2018"]
[Site "Kolkata IND"]
[Date "2018.05.19"]
[Round "6.23"]
[White "Nayak, Rajesh"]
[Black "Rathnakaran, K."]
[Result "0-1"]
[BlackTitle "IM"]
[WhiteElo "2217"]
[BlackElo "2377"]
[WhiteFideId "35017152"]
[BlackFideId "5005507"]
[EventDate "2018.05.14"]

1. e4 e6 2. d4 d5 3. Nd2 Nf6 4. e5 Nfd7 5. Bd3 c5 6. c3 Nc6 7. Ne2 cxd4 8. cxd4
f6 9. exf6 Nxf6 10. Nf3 Bd6 11. O-O Qc7 12. h3 O-O 13. Be3 Bd7 14. Re1 Rae8 15.
Nc3 Qd8 16. Rc1 Bb8 17. Bg5 h6 18. Be3 e5 19. dxe5 Nxe5 20. Nxe5 Rxe5 21. Bb1
Bc6 22. Bd4 Rg5 23. Qd3 Ne4 24. Ne2 Rg6 25. Ng3 Bxg3 26. fxg3 Rxg3 27. Qe2 Qh4
28. Rc3 Ng5 29. Rxg3 Qxg3 30. Kh1 Re8 31. Be5 Qh4 32. Bg6 Re6 33. Bf5 Re7 34.
Qf1 Rf7 35. g3 Qb4 36. Kh2 Rxf5 37. Qxf5 Qd2+ 0-1

[Event "3rd Kolkata GM Open 2018"]
[Site "Kolkata IND"]
[Date "2018.05.20"]
[Round "7.1"]
[White "Short, Nigel D"]
[Black "Tukhaev, Adam"]
[Result "1-0"]
[WhiteTitle "GM"]
[BlackTitle "GM"]
[WhiteElo "2656"]
[BlackElo "2551"]
[WhiteFideId "400025"]
[BlackFideId "14109476"]
[EventDate "2018.05.14"]

1. e4 e5 2. Nf3 Nc6 3. Bb5 a6 4. Ba4 Nf6 5. O-O Nxe4 6. d4 b5 7. Bb3 d5 8. dxe5
Be6 9. Re1 Be7 10. c3 O-O 11. Nbd2 Nc5 12. Nd4 Nxd4 13. cxd4 Nd3 14. Re3 Nxc1
15. Rxc1 a5 16. f4 g6 17. a4 Rb8 18. Bc2 Qc8 19. Nb3 bxa4 20. Nxa5 c5 21. Bxa4
Rb6 22. b4 c4 23. b5 Bg4 24. Qe1 Qa8 25. Ra1 Bd7 26. Re2 Qc8 27. Rb1 Qa8 28. Ra1
Qc8 29. Rb2 Qc7 30. Rbb1 Bf5 31. Rc1 Bd7 32. Nc6 Bxc6 33. bxc6 Ra8 34. h3 Rba6
35. Bb5 Ra3 36. Rxa3 Rxa3 37. Kh1 1-0

[Event "3rd Kolkata GM Open 2018"]
[Site "Kolkata IND"]
[Date "2018.05.20"]
[Round "7.2"]
[White "Amonatov, Farrukh"]
[Black "Sengupta, Deep"]
[Result "0-1"]
[WhiteTitle "GM"]
[BlackTitle "GM"]
[WhiteElo "2608"]
[BlackElo "2563"]
[WhiteFideId "14700077"]
[BlackFideId "5008352"]
[EventDate "2018.05.14"]

1. e4 e5 2. Nf3 Nf6 3. Nxe5 d6 4. Nf3 Nxe4 5. d4 d5 6. Bd3 Bd6 7. O-O O-O 8. c4
c6 9. Nc3 Nxc3 10. bxc3 dxc4 11. Bxc4 Bg4 12. Qd3 Nd7 13. a4 Qc7 14. h3 Bh5 15.
Nh4 Kh8 16. Nf5 Bh2+ 17. Kh1 Bf4 18. Ba3 Rfe8 19. Rfe1 Bg6 20. Qc2 c5 21. Bd3 c4
22. Be4 Nf6 23. Bf3 Qd7 24. g4 Nd5 25. Re4 Re6 26. Rae1 Rae8 27. Qb2 b6 28. a5
bxa5 29. Rxe6 fxe6 30. Ng3 Rb8 31. Qe2 Rb3 32. Bc5 Rxc3 33. Ne4 Rb3 34. Bg2 c3
35. Qf3 a4 36. Qd1 Rb2 37. Ba3 c2 38. Qa1 Rb8 39. Nc5 Qc6 40. Bb2 Qb5 41. Nxa4
Bd2 42. Rxe6 Nf4 43. Re5 Qxb2 44. Nxb2 c1=Q+ 45. Qxc1 Bxc1 46. Nc4 Rc8 47. Nd6
Rd8 48. Nb5 a6 49. Nc7 Nxg2 50. Kxg2 Bf4 51. Rc5 Bd6 0-1

[Event "3rd Kolkata GM Open 2018"]
[Site "Kolkata IND"]
[Date "2018.05.20"]
[Round "7.3"]
[White "Rozum, Ivan"]
[Black "Burmakin, Vladimir"]
[Result "1/2-1/2"]
[WhiteTitle "GM"]
[BlackTitle "GM"]
[WhiteElo "2581"]
[BlackElo "2528"]
[WhiteFideId "24104272"]
[BlackFideId "4105109"]
[EventDate "2018.05.14"]

1. e4 d5 2. exd5 Qxd5 3. d4 Nf6 4. c4 Qd8 5. Nf3 c6 6. h3 g6 7. Nc3 Bg7 8. Be2
O-O 9. O-O a6 10. a4 a5 11. Bf4 Na6 12. Re1 Nb4 13. Bf1 Bf5 14. g4 Bc8 15. Bg2
h5 16. Nh2 Qd7 17. Bf3 Nh7 18. Be5 Ng5 19. Bg2 hxg4 20. hxg4 Bxe5 21. Rxe5 Ne6
22. Ne2 Rd8 23. Nf3 Qc7 24. Qd2 Nf8 25. Bh3 f6 26. Re4 e5 27. Kg2 Be6 28. Qc3 b5
29. b3 bxc4 30. bxc4 Qf7 31. dxe5 Rd3 32. Qc1 Rxf3 33. Kxf3 Nd3 34. Qe3 Nxe5+
35. Kg3 Nxc4 36. Qc3 Bd5 37. Rd4 Qc7+ 38. f4 Re8 39. Rxc4 Rxe2 40. Bf1 Qe7 41.
Ra3 Re1 42. Kf2 Rd1 43. Rc5 Qh7 44. Qg3 Qh1 45. Qh3 Qe4 46. Qe3 Qh1 47. Qh3 Qe4
48. Qe3 Qh1 49. Qh3 Qe4 50. Qe3 1/2-1/2

[Event "3rd Kolkata GM Open 2018"]
[Site "Kolkata IND"]
[Date "2018.05.20"]
[Round "7.4"]
[White "Deepan, Chakkravarthy J."]
[Black "Sandipan, Chanda"]
[Result "1/2-1/2"]
[WhiteTitle "GM"]
[BlackTitle "GM"]
[WhiteElo "2516"]
[BlackElo "2573"]
[WhiteFideId "5011132"]
[BlackFideId "5004225"]
[EventDate "2018.05.14"]

1. d4 f5 2. Nc3 Nf6 3. Bg5 d5 4. Bxf6 exf6 5. e3 Be6 6. Bd3 Nc6 7. a3 Qd7 8.
Nge2 Bd6 9. O-O O-O 10. b3 Na5 11. Nf4 Bxf4 12. exf4 b6 13. Ba6 c6 14. Re1 Rfe8
15. a4 Qd6 16. g3 Bf7 17. Qd3 Re7 18. Rxe7 Qxe7 19. Kf1 Re8 20. Qd2 Qb4 21. Ne4
Qe7 22. Nc3 Qb4 23. Ne4 Qe7 24. Nc3 1/2-1/2

[Event "3rd Kolkata GM Open 2018"]
[Site "Kolkata IND"]
[Date "2018.05.20"]
[Round "7.5"]
[White "Narayanan, Srinath"]
[Black "Karthikeyan, Murali"]
[Result "1-0"]
[WhiteTitle "GM"]
[BlackTitle "GM"]
[WhiteElo "2525"]
[BlackElo "2617"]
[WhiteFideId "5018420"]
[BlackFideId "5074452"]
[EventDate "2018.05.14"]

1. d4 Nf6 2. c4 e6 3. Nf3 c5 4. d5 b5 5. Bg5 exd5 6. cxd5 h6 7. Bxf6 Qxf6 8. Qc2
d6 9. e4 a6 10. a4 b4 11. Nfd2 g6 12. Nc4 Nd7 13. Nbd2 Qe7 14. Bd3 Bg7 15. O-O
g5 16. Rfe1 O-O 17. Nf1 Rb8 18. Ng3 Ne5 19. Rad1 b3 20. Qe2 Rb4 21. a5 Bg4 22.
f3 Nxc4 23. Bxc4 Bd7 24. Rd2 Rfb8 25. Ra1 Qd8 26. Bxa6 Ra8 27. Ra3 c4 28. Bxc4
Rxa5 29. Rxa5 Qxa5 30. Bd3 Ra4 31. Nf1 Ra1 32. g4 Be5 33. Kg2 Qc5 34. Rd1 Ra2
35. Rb1 Qd4 36. Nd2 Rxb2 37. Rxb2 Qxb2 38. Nc4 Qc1 39. Nxe5 dxe5 40. Qf1 b2 41.
Bb1 Ba4 42. Qd3 Bd7 43. d6 Kf8 44. Ba2 Be6 45. d7 Bxa2 46. d8=Q+ Kg7 47. Q3d6 1-0

[Event "3rd Kolkata GM Open 2018"]
[Site "Kolkata IND"]
[Date "2018.05.20"]
[Round "7.6"]
[White "Nihal, Sarin"]
[Black "Sundararajan, Kidambi"]
[Result "1-0"]
[WhiteTitle "IM"]
[BlackTitle "GM"]
[WhiteElo "2551"]
[BlackElo "2434"]
[WhiteFideId "25092340"]
[BlackFideId "5005370"]
[EventDate "2018.05.14"]

1. Nf3 Nf6 2. c4 e6 3. Nc3 d5 4. d4 a6 5. cxd5 exd5 6. Bg5 Be6 7. e3 Nbd7 8. Bd3
h6 9. Bh4 Be7 10. O-O O-O 11. Rc1 c5 12. dxc5 Nxc5 13. Bb1 Rc8 14. Nd4 Qd7 15.
f3 b5 16. Bf2 Rfe8 17. Qd2 Nb7 18. Nce2 Rxc1 19. Rxc1 Rc8 20. Rd1 Nd6 21. b3 Nb7
22. h3 Nd8 23. g4 Nc6 24. Nxc6 Qxc6 25. Nd4 Qc3 26. Qxc3 Rxc3 27. Be1 Rc8 28. a4
bxa4 29. bxa4 Nd7 30. Bf5 Bxf5 31. Nxf5 Bf6 32. Rxd5 Rc1 33. Rxd7 Rxe1+ 34. Kf2
Ra1 35. f4 Rxa4 36. Kf3 Ra3 37. Ra7 a5 38. h4 a4 39. g5 hxg5 40. fxg5 Bb2 41. h5
Rb3 42. g6 fxg6 43. hxg6 Rb8 44. Rxa4 Re8 45. Ra5 Kf8 46. Kf4 Bf6 47. e4 Bc3 48.
Rd5 Bb2 49. e5 Ba1 50. Ne3 Bb2 51. Kf5 Ke7 52. Rb5 Bd4 53. Rb7+ Kf8 54. Nc4 Re7
55. Rb5 Rc7 56. Nd6 Ke7 57. Ke4 Ba7 58. Kd5 Rd7 59. Rb3 Rc7 60. Nf5+ Kf8 61. Ke6
Rc8 62. Rh3 Rc6+ 63. Kd7 Rxg6 64. e6 1-0

[Event "3rd Kolkata GM Open 2018"]
[Site "Kolkata IND"]
[Date "2018.05.20"]
[Round "7.7"]
[White "Lalith, Babu M R"]
[Black "Nitin, S."]
[Result "1-0"]
[WhiteTitle "GM"]
[BlackTitle "IM"]
[WhiteElo "2531"]
[BlackElo "2432"]
[WhiteFideId "5024595"]
[BlackFideId "5018277"]
[EventDate "2018.05.14"]

1. Nf3 Nf6 2. c4 g6 3. Nc3 Bg7 4. e4 d6 5. d4 O-O 6. h3 Na6 7. Be3 c6 8. Be2 e5
9. d5 Nh5 10. Qd2 Nf4 11. Bf1 f5 12. g3 fxe4 13. Nxe4 cxd5 14. cxd5 Bf5 15. Nc3
Nb4 16. gxf4 Nc2+ 17. Kd1 Nxa1 18. Bd3 Qd7 19. Ke2 exf4 20. Bd4 Rae8+ 21. Kd1
Bxh3 22. Bxg7 Bg4 23. Be2 Rxe2 24. Qxe2 Re8 25. Qd3 Qxg7 26. Rg1 Bf5 27. Qc4 Qh6
28. Nd4 Qh5+ 29. Kd2 Qh4 30. Nxf5 Qxf2+ 31. Ne2 Nc2 32. Nh6+ Kg7 33. Ng4 Qf3 34.
Nxf4 1-0

[Event "3rd Kolkata GM Open 2018"]
[Site "Kolkata IND"]
[Date "2018.05.20"]
[Round "7.8"]
[White "Rahul, Srivatshav P"]
[Black "Shyam, Sundar M."]
[Result "0-1"]
[WhiteTitle "IM"]
[BlackTitle "GM"]
[WhiteElo "2402"]
[BlackElo "2518"]
[WhiteFideId "25059653"]
[BlackFideId "5019141"]
[EventDate "2018.05.14"]

1. d4 Nf6 2. c4 e6 3. Nc3 Bb4 4. e3 O-O 5. Ne2 Re8 6. a3 Bf8 7. Ng3 d5 8. Be2 b6
9. cxd5 exd5 10. O-O c5 11. dxc5 bxc5 12. Nh5 Nxh5 13. Bxh5 Bb7 14. Bf3 Re5 15.
Qb3 Bc6 16. Rd1 d4 17. exd4 cxd4 18. Bf4 Bxf3 19. Bxe5 Qg5 20. Bg3 Bxd1 21. Nxd1
Nd7 22. f3 Nc5 23. Qc4 a5 24. f4 Qe7 25. Qxd4 Nb3 26. Qd5 Qc5+ 0-1

[Event "3rd Kolkata GM Open 2018"]
[Site "Kolkata IND"]
[Date "2018.05.20"]
[Round "7.9"]
[White "Neverov, Valeriy"]
[Black "Raghunandan, Kaumandur Srihari"]
[Result "1/2-1/2"]
[WhiteTitle "GM"]
[BlackTitle "IM"]
[WhiteElo "2496"]
[BlackElo "2400"]
[WhiteFideId "14100150"]
[BlackFideId "25004964"]
[EventDate "2018.05.14"]

1. d4 Nf6 2. c4 g6 3. Nf3 Bg7 4. g3 O-O 5. Bg2 d6 6. O-O Nbd7 7. Qc2 e5 8. Rd1
Qe7 9. Nc3 c6 10. e4 Nb6 11. dxe5 dxe5 12. b3 Bg4 13. a4 Rfd8 14. Ba3 Qe8 15. a5
Nbd7 16. Na4 Bf8 17. c5 Nh5 18. a6 bxa6 19. h3 Bxf3 20. Bxf3 Ng7 21. Be2 a5 22.
Qc3 Ne6 23. Qxa5 Ng5 24. h4 Nxe4 25. Bf3 f5 26. Bxe4 fxe4 27. Re1 Nf6 28. Bc1
Qf7 29. Nc3 Rd4 30. Be3 Rd3 1/2-1/2

[Event "3rd Kolkata GM Open 2018"]
[Site "Kolkata IND"]
[Date "2018.05.20"]
[Round "7.11"]
[White "Harsha, Bharathakoti"]
[Black "Ravi, Teja S."]
[Result "1/2-1/2"]
[WhiteTitle "IM"]
[BlackTitle "IM"]
[WhiteElo "2463"]
[BlackElo "2338"]
[WhiteFideId "5078776"]
[BlackFideId "5017220"]
[EventDate "2018.05.14"]

1. d4 d5 2. c4 c6 3. Nf3 Nf6 4. e3 Bf5 5. Nc3 a6 6. Ne5 Nbd7 7. Qb3 Qc7 8. cxd5
Nxe5 9. dxe5 Nxd5 10. Nxd5 cxd5 11. Bd2 Qxe5 12. Be2 Bd7 13. Qxb7 Rb8 14. Qa7
Qxb2 15. O-O f6 16. Bxa6 Qb6 17. Qxb6 Rxb6 18. Bd3 e6 19. Rfb1 Bc5 20. Rxb6 Bxb6
21. Rb1 Bc7 22. Rc1 Bb6 23. Rb1 Bc7 24. Rc1 Bb6 25. Rb1 Bc7 26. Rc1 Bb6 27. Rb1
Bc7 28. Rc1 Bb6 29. Rb1 Bc7 30. Rc1 Bb6 1/2-1/2

[Event "3rd Kolkata GM Open 2018"]
[Site "Kolkata IND"]
[Date "2018.05.20"]
[Round "7.12"]
[White "Nguyen, Van Huy"]
[Black "Sangma, Rahul"]
[Result "1/2-1/2"]
[WhiteTitle "IM"]
[BlackTitle "IM"]
[WhiteElo "2462"]
[BlackElo "2295"]
[WhiteFideId "12401064"]
[BlackFideId "5013615"]
[EventDate "2018.05.14"]

1. d4 Nf6 2. c4 e6 3. g3 Bb4+ 4. Nd2 Nc6 5. Nf3 d6 6. Bg2 a5 7. O-O e5 8. a3
Bxd2 9. Qxd2 e4 10. Ne1 d5 11. cxd5 Qxd5 12. Nc2 O-O 13. Qg5 Qc4 14. Qc5 Qxe2
15. Bg5 Nd7 16. Qc3 Qh5 17. Bf4 Nf6 18. Ne3 Bh3 19. Bxh3 Qxh3 20. Rfd1 Ne7 21.
Qxc7 Ned5 22. Nxd5 Nxd5 23. Qe5 Nf6 24. Qg5 h6 25. Qh4 Qxh4 26. gxh4 Nd5 27. Bg3
Rac8 28. Rac1 b6 29. Kf1 h5 30. Ke2 Rfe8 31. Re1 f6 32. Kd2 f5 33. Be5 Kf7 34.
b3 g6 35. Rg1 Red8 36. a4 Ne7 37. Rxc8 Rxc8 38. f3 e3+ 39. Kxe3 Nd5+ 40. Kd2 Rc3
41. Rc1 Rxf3 42. Rc6 Rxb3 43. Rd6 Ne3 44. Rf6+ Ke7 45. Rxg6 Nc4+ 46. Kc2 Nxe5
47. dxe5 Rb4 48. Kd3 Rxa4 49. Rxb6 Rxh4 50. Ra6 a4 51. Ke3 Rxh2 52. Kf4 Rf2+ 53.
Kg5 h4 54. Kxh4 Rg2 55. Rxa4 Ke6 56. Kh3 Rg1 57. Ra5 f4 58. Kh2 Rg3 59. Rb5 Rg7
60. Ra5 Rg8 61. Rb5 Kf5 62. Ra5 Rb8 63. Kg2 Rb2+ 64. Kf3 Rb3+ 65. Kg2 Kg4 66.
Ra2 Rh3 67. Ra4 Rg3+ 68. Kf2 Rb3 69. Re4 Rf3+ 70. Kg2 Ra3 71. Kf2 Ra2+ 72. Re2
Rxe2+ 73. Kxe2 1/2-1/2

[Event "3rd Kolkata GM Open 2018"]
[Site "Kolkata IND"]
[Date "2018.05.20"]
[Round "7.13"]
[White "Sahoo, Utkal Ranjan"]
[Black "Das, Sayantan"]
[Result "1/2-1/2"]
[BlackTitle "IM"]
[WhiteElo "2281"]
[BlackElo "2437"]
[WhiteFideId "5034566"]
[BlackFideId "5034426"]
[EventDate "2018.05.14"]

1. d4 e6 2. c4 d5 3. Nc3 Bb4 4. e3 Nf6 5. a3 Bxc3+ 6. bxc3 c6 7. a4 O-O 8. Bd3
e5 9. dxe5 dxc4 10. Bxc4 Qxd1+ 11. Kxd1 Ng4 12. Ke1 Nxe5 13. Be2 Bf5 14. Ba3 Rd8
15. Nf3 Nbd7 16. Nd4 Bd3 17. Bxd3 Nxd3+ 18. Ke2 N3e5 19. Rhb1 b6 20. f4 Nc4 21.
Nxc6 Re8 22. Kd3 Nxa3 23. Rxa3 Nc5+ 24. Ke2 Re6 25. Nd4 Re4 26. Kf3 Rae8 27. c4
R4e7 28. Rb2 g6 29. a5 bxa5 30. Nc6 Rc7 31. Nxa5 Rd8 32. Ke2 f5 33. Rb5 Rdd7 34.
Rc3 Kf7 35. Nb3 Ne4 36. Rc2 Rd6 37. Nd4 Ra6 38. c5 Ra3 39. c6 Nc3+ 40. Rxc3 Rxc3
41. Rb7 Re7 42. Kd2 Rc5 43. Kd3 Kf6 44. h3 h5 45. g3 Rc1 46. Rb8 Rc7 47. Rf8+
Ke7 48. Rg8 Kf7 49. Rh8 Re7 50. Rb8 Rc5 51. Ra8 a5 52. Rb8 Rc1 53. Ra8 Rc5 54.
Rb8 Kf6 55. Rf8+ Kg7 56. Rb8 Kf7 57. Ra8 Rc7 58. Rb8 Ke7 59. Rg8 Kf7 60. Rh8
R5xc6 61. Nxc6 Rxc6 62. Ra8 Rd6+ 63. Kc4 Rd1 64. Rxa5 Rg1 65. g4 fxg4 66. hxg4
Rxg4 67. Kd4 Kf6 68. Ra6+ Kf5 69. Ra5+ Kf6 70. Ra6+ 1/2-1/2

[Event "3rd Kolkata GM Open 2018"]
[Site "Kolkata IND"]
[Date "2018.05.20"]
[Round "7.14"]
[White "Gupta, Abhijeet"]
[Black "Ahmed, Sk. Nasir"]
[Result "1-0"]
[WhiteTitle "GM"]
[BlackTitle "FM"]
[WhiteElo "2619"]
[BlackElo "2305"]
[WhiteFideId "5010608"]
[BlackFideId "10200525"]
[EventDate "2018.05.14"]

1. d4 Nf6 2. c4 e6 3. g3 Bb4+ 4. Nd2 O-O 5. Bg2 d5 6. Nf3 b6 7. cxd5 exd5 8. O-O
Bb7 9. Ne5 Nbd7 10. Qa4 a5 11. Ndf3 Qe8 12. Qc2 Bd6 13. Bf4 h6 14. Rac1 Nh5 15.
Nxd7 Qxd7 16. Bxd6 cxd6 17. Nh4 Nf6 18. Qc7 Qxc7 19. Rxc7 Ba6 20. Nf5 Bxe2 21.
Re1 Bd3 22. Ne7+ Kh8 23. Nxd5 Nxd5 24. Bxd5 Rae8 25. Re3 Bg6 26. Bc6 Re6 27. Rb7
d5 28. Rxe6 fxe6 29. Rxb6 Bb1 30. a4 Rf3 31. Kf1 Rd3 32. b4 axb4 33. Rxb4 Ba2
34. Bb5 Ra3 35. Ke2 g5 36. Kd2 Rf3 37. a5 Rxf2+ 38. Ke1 Rf7 39. a6 Ra7 40. Bd3 1-0